|
|
|
|
| LEADER |
00000nab a2200000uu 4500 |
| 001 |
vtls010898345 |
| 003 |
SK-MaSNL |
| 005 |
20260304013349.0 |
| 008 |
230222|2008 xo |||||||||||||||||eng| |
| 015 |
|
|
|a SNBRB
|
| 035 |
|
|
|a (urnnbn)urn:nbn:sk:snk:ar-006oly
|
| 035 |
|
|
|a (uuid)094326c0-f59a-4f0b-9472-40c35ab1d50b
|
| 035 |
|
|
|a urn:nbn:sk:snk-ab8qk6
|
| 040 |
|
|
|a SNKBUCL
|b slo
|c SNKBUCL
|e AACR2
|
| 041 |
0 |
|
|a eng
|
| 044 |
|
|
|a xo
|c SK
|
| 100 |
1 |
|
|a Fľak, Pavel
|4 aut
|9 5306
|
| 245 |
1 |
0 |
|a USEFULNESS OF REGRESSION MODELS FOR 100-DAY MILK YIELD ESTIMATION IN DAIRY COWS
|c P. Fľak, Z. Sobek, W. P. Perz
|
| 700 |
1 |
|
|a W. P. PERZ
|4 aut
|9 1294274
|
| 700 |
1 |
|
|a Sobek, Z.
|4 aut
|9 1294275
|
| 773 |
0 |
|
|t Slovak journal of animal science
|g Roč. 41, č. 3 (2008), s. 126-132
|
| 958 |
|
|
|a OND
|
| 958 |
|
|
|a EUIPO
|
| 958 |
|
|
|a article10
|
| 999 |
|
|
|c 2575480
|d 2577410
|